| 000 | 02009cam a2200349 c 4500 | ||
|---|---|---|---|
| 001 | BH21011 | ||
| 003 | ES-SlBCS | ||
| 005 | 20260416090444.0 | ||
| 008 | 260416s1794 sp /// spa | ||
| 040 |
_aES-SlBCS _bspa |
||
| 041 | 1 |
_aspa _hita |
|
| 100 | 1 |
_aMasdeu, Juan Francisco (S.I.) _d1744-1817 _93354 |
|
| 240 | 1 | 0 | _aHistoria critica de España, y de la cultura española |
| 245 | 1 | 0 |
_aHistoria critica de España, y de la cultura española, _cobra compuesta en las dos lenguas Italiana y Castellana por D. Juan Francisco de Masdeu, natural de Barcelona. _nTomo XIV España árabe. Libro III. |
| 260 |
_aEn Madrid : _bEn la Imprenta de Sancha _bse hallará en su Librería en la Aduana vieja _c, 1794 |
||
| 300 |
_a501, p. ; _c23 cm |
||
| 500 | _a Anteportada: Historia Critica de España, y de la Cultura Española [en todo género]. Se cataloga un nuevo ejemplar del convento de San Jacinto., que perteneció según consta en todos los tomos a: Fr. Juan Josef de Jesus Maria carmelita Descalzo. Costo 21 rx" (supongo que por tomo). | ||
| 505 | _tEspaña árabe. Libro III Ilustraciones Cronológicas, Históricas y Críticas | ||
| 561 | _aCorias | ||
| 561 | _aSan Esteban | ||
| 561 | _aS. Jacinto (Sevilla) | ||
| 561 | _aConvento de Jerez | ||
| 594 | _aLa traducción de la obra ha sido atribuída a Bernardo Arana y al propio Juan Francisco de Masdeu, cf. Rogers y Lapuente. Diccionario de seudónimos literarios españoles, p. 321. En port. de t. II-VI consta: "... escrita en italiano por D. Juan Francisco de Masdeu, barcelonés. Traducida al idioma español por N.N." | ||
| 597 | _aAnteportada | ||
| 597 | _aTexto con apostillas marginales | ||
| 651 | 7 |
_aEspaña _xHistoria _yObras anteriores a 1800 _921863 |
|
| 700 | 1 |
_aSancha, Antonio de _dfl. 1772-1790 _eimp. _93355 |
|
| 700 | 1 |
_aSancha, Gabriel de _dfl. 1791-1820 _eimp. _93356 |
|
| 752 |
_aEspaña _dMadrid |
||
| 856 | 4 | 1 |
_uhttp://bdh-rd.bne.es/viewer.vm?id=0000007983&page=1 _yBiblioteca Digital Hispánica |
| 942 |
_2lcc _cLA |
||
| 999 |
_c18308 _d21539 |
||